[Event "EU-ch 17th"]
[Site "Gjakova"]
[Date "2016.05.21"]
[Round "9"]
[White "Parligras, Mircea Emilian"]
[Black "Ponomariov, Ruslan"]
[Result "0-1"]
[WhiteElo "2599"]
[BlackElo "2715"]
[PlyCount "112"]
[EventDate "2016.05.12"]
[EventType "swiss"]
[EventRounds "11"]
[EventCountry "KOS"]
[SourceTitle "CBM 173"]
[Source "ChessBase"]
[SourceDate "2016.07.12"]
[SourceVersion "1"]
[SourceVersionDate "2016.07.12"]
[SourceQuality "1"]

1. d4 Nf6 2. c4 e6 3. Nc3 Bb4 4. Qc2 d5 5. cxd5 exd5 6. Bg5 c5 7. dxc5 h6 8.
Bh4 O-O 9. e3 Be6 10. Rd1 Nbd7 11. Bd3 Qa5 12. Nge2 Qxa2 13. O-O Qa5 14. h3
Bxc5 15. Kh1 Be7 16. f4 Nb6 17. Nd4 Bd7 18. Nf5 Bxf5 19. Bxf5 Rfe8 20. Rfe1 Nh5
21. Bf2 Bb4 22. Bh4 Be7 23. Bf2 Nf6 24. e4 dxe4 25. Bxe4 Bc5 26. Bxb7 Bxf2 27.
Qxf2 Rxe1+ 28. Rxe1 Rb8 29. Re5 Qb4 30. Ba6 Nbd7 31. Rb5 Rxb5 32. Bxb5 Nc5 33.
Kh2 a5 34. g3 h5 35. Qd2 Ne6 36. h4 Nd4 37. Be2 Ng4+ 38. Bxg4 hxg4 39. Qf2 a4
40. Nd5 Qc5 41. Ne3 f5 42. Kg2 Qc6+ 43. Kf1 Qh1+ 44. Qg1 Qe4 45. Qf2 Kf7 46.
Kg1 Kg6 47. Nd1 Qd3 48. Ne3 Kh7 49. Kg2 Qe4+ 50. Kg1 Nf3+ 51. Kf1 Qb1+ 52. Kg2
Ne1+ 53. Kh2 Nd3 54. Qc2 Qxb2 55. Qxb2 Nxb2 56. Nxf5 a3 0-1

[Event "Madrid Neoclassical op 2nd"]
[Site "Madrid"]
[Date "2016.06.04"]
[Round "1"]
[White "Maza Broto, Pablo"]
[Black "Ponomariov, Ruslan"]
[Result "0-1"]
[WhiteElo "2071"]
[BlackElo "2706"]
[PlyCount "58"]
[EventDate "2016.06.04"]
[EventType "swiss (rapid)"]
[EventRounds "8"]
[EventCountry "ESP"]
[SourceTitle "CBM 172 Extra"]
[Source "ChessBase"]
[SourceDate "2016.06.21"]
[SourceVersion "1"]
[SourceVersionDate "2016.06.21"]
[SourceQuality "1"]

1. Nf3 c5 2. c4 Nf6 3. Nc3 d5 4. cxd5 Nxd5 5. e4 Nxc3 6. bxc3 g6 7. Bb5+ Bd7 8.
Bxd7+ Nxd7 9. d4 Bg7 10. O-O O-O 11. Be3 Nf6 12. Qd3 Qc7 13. h3 Rfd8 14. Rab1
b6 15. d5 c4 16. Qc2 e6 17. dxe6 fxe6 18. Bd4 Nh5 19. e5 Qc6 20. Rfe1 Nf4 21.
Qe4 Qxe4 22. Rxe4 Nd3 23. a4 Rd5 24. Ng5 Re8 25. f4 Ra5 26. Ra1 b5 27. Be3 h6
28. Nf3 Rc8 29. Nd4 Nc5 0-1

[Event "Madrid Neoclassical op 2nd"]
[Site "Madrid"]
[Date "2016.06.04"]
[Round "2"]
[White "Ponomariov, Ruslan"]
[Black "Suarez Uriel, Adrian"]
[Result "1-0"]
[WhiteElo "2706"]
[BlackElo "2312"]
[PlyCount "45"]
[EventDate "2016.06.04"]
[EventType "swiss (rapid)"]
[EventRounds "8"]
[EventCountry "ESP"]
[SourceTitle "CBM 172 Extra"]
[Source "ChessBase"]
[SourceDate "2016.06.21"]
[SourceVersion "1"]
[SourceVersionDate "2016.06.21"]
[SourceQuality "1"]

1. d4 d5 2. c4 e6 3. Nc3 Nf6 4. Bg5 Be7 5. cxd5 exd5 6. Qc2 Nbd7 7. e3 Nf8 8.
Bd3 c6 9. Nge2 Ne6 10. Bh4 Bd7 11. f3 g6 12. g4 O-O 13. O-O-O c5 14. Ng3 c4 15.
Kb1 Qa5 16. Qd2 Rac8 17. Bc2 Rfe8 18. g5 Nh5 19. Nxh5 gxh5 20. e4 Bc6 21. Nxd5
Qd8 22. Nf6+ Kh8 23. d5 1-0

[Event "Madrid Neoclassical op 2nd"]
[Site "Madrid"]
[Date "2016.06.04"]
[Round "3"]
[White "Teske, Henrik"]
[Black "Ponomariov, Ruslan"]
[Result "1/2-1/2"]
[WhiteElo "2483"]
[BlackElo "2706"]
[PlyCount "115"]
[EventDate "2016.06.04"]
[EventType "swiss (rapid)"]
[EventRounds "8"]
[EventCountry "ESP"]
[SourceTitle "CBM 172 Extra"]
[Source "ChessBase"]
[SourceDate "2016.06.21"]
[SourceVersion "1"]
[SourceVersionDate "2016.06.21"]
[SourceQuality "1"]

1. d4 d5 2. c4 c6 3. Nc3 e6 4. Nf3 Nf6 5. g3 Nbd7 6. Bg2 dxc4 7. O-O Be7 8. a4
O-O 9. e4 b6 10. Nd2 Ba6 11. Qe2 e5 12. d5 Rc8 13. Rd1 Bb4 14. dxc6 Rxc6 15.
Nd5 Bc5 16. b4 Bd4 17. b5 Rc8 18. Nxf6+ Nxf6 19. Nxc4 Qc7 20. Ra2 Qxc4 21. bxa6
Qxe2 22. Rxe2 Rc4 23. Be3 Bxe3 24. Rxe3 Rxa4 25. Bf1 Ra5 26. Rc3 b5 27. Rc5
Rxa6 28. Rxe5 Ra2 29. Bxb5 Ng4 30. Rf5 g6 31. Rf4 Ne5 32. h4 Kg7 33. g4 a6 34.
Bf1 f6 35. Rd6 a5 36. Ra6 Rf7 37. Kg2 a4 38. g5 fxg5 39. Rxf7+ Kxf7 40. hxg5 a3
41. Kg3 Ra1 42. f4 Rxf1 43. fxe5 Ra1 44. Kg2 a2 45. e6+ Ke7 46. Kh2 Re1 47.
Rxa2 Rxe4 48. Ra7+ Kxe6 49. Rxh7 Kf5 50. Ra7 Kxg5 51. Kg3 Rg4+ 52. Kf3 Rg1 53.
Ra4 Kh5 54. Kf2 Rg4 55. Ra3 Kh4 56. Rb3 g5 57. Ra3 Rb4 58. Kg2 1/2-1/2

[Event "Madrid Neoclassical op 2nd"]
[Site "Madrid"]
[Date "2016.06.04"]
[Round "4"]
[White "Ponomariov, Ruslan"]
[Black "Espinosa Aranda, Angel"]
[Result "1/2-1/2"]
[WhiteElo "2706"]
[BlackElo "2406"]
[PlyCount "136"]
[EventDate "2016.06.04"]
[EventType "swiss (rapid)"]
[EventRounds "8"]
[EventCountry "ESP"]
[SourceTitle "CBM 172 Extra"]
[Source "ChessBase"]
[SourceDate "2016.06.21"]
[SourceVersion "1"]
[SourceVersionDate "2016.06.21"]
[SourceQuality "1"]

1. e4 e5 2. Nf3 Nc6 3. Nc3 Nf6 4. Bb5 Bc5 5. O-O O-O 6. Bxc6 bxc6 7. d3 d6 8.
h3 h6 9. Ne2 Nh7 10. d4 exd4 11. Nexd4 Bd7 12. Re1 Qf6 13. Qd3 Rae8 14. Bd2 Ng5
15. Bc3 Nxf3+ 16. Nxf3 Qg6 17. Rad1 Be6 18. b4 Bb6 19. a4 Qg3 20. Bd4 Bxd4 21.
Nxd4 Qxd3 22. cxd3 Bd7 23. Rc1 Rb8 24. Rc4 a5 25. bxa5 c5 26. Nb5 Bxb5 27. axb5
Rxb5 28. Ra1 Ra8 29. a6 Ra7 30. Kf1 Kf8 31. Ke2 Ke7 32. Ke3 Kd7 33. h4 Rb6 34.
Rca4 c6 35. h5 d5 36. Ra5 Kd6 37. Kf4 Rb5 38. g4 Rb6 39. Kf5 Rb3 40. R5a3 Rxa3
41. Rxa3 c4 42. dxc4 dxc4 43. Ra5 c3 44. e5+ Kd7 45. f4 c2 46. Rc5 Rxa6 47.
Rxc2 Ke7 48. Rc4 Rb6 49. g5 hxg5 50. fxg5 Rb1 51. Rxc6 Rf1+ 52. Ke4 Rg1 53. g6
fxg6 54. Rxg6 Re1+ 55. Kd4 Rd1+ 56. Kc5 Re1 57. Kd5 Rd1+ 58. Kc4 Kf7 59. Ra6
Rh1 60. Kd5 Rd1+ 61. Kc5 Rc1+ 62. Kd6 Rd1+ 63. Kc7 Ke7 64. Rg6 Rc1+ 65. Kb6 Kf7
66. Kb5 Re1 67. Rg5 Ke6 68. Rxg7 Kd5 1/2-1/2

[Event "Madrid Neoclassical op 2nd"]
[Site "Madrid"]
[Date "2016.06.04"]
[Round "5"]
[White "Ponomariov, Ruslan"]
[Black "Ibarra Jerez, Jose Carlos"]
[Result "1-0"]
[WhiteElo "2706"]
[BlackElo "2563"]
[PlyCount "83"]
[EventDate "2016.06.04"]
[EventType "swiss (rapid)"]
[EventRounds "8"]
[EventCountry "ESP"]
[SourceTitle "CBM 172 Extra"]
[Source "ChessBase"]
[SourceDate "2016.06.21"]
[SourceVersion "1"]
[SourceVersionDate "2016.06.21"]
[SourceQuality "1"]

1. e4 e5 2. Nf3 Nc6 3. Bb5 g6 4. d4 exd4 5. Bg5 Be7 6. Bxe7 Qxe7 7. Bxc6 dxc6
8. Qxd4 Nf6 9. Nc3 Bg4 10. Nd2 c5 11. Qe3 O-O-O 12. h3 Bd7 13. O-O-O Bc6 14. f3
b6 15. Nc4 h5 16. b3 Kb7 17. Qg5 Rxd1+ 18. Rxd1 Re8 19. h4 Nh7 20. Qxe7 Rxe7
21. Kd2 Nf8 22. Ke3 Ne6 23. Nd5 Bxd5 24. Rxd5 b5 25. Ne5 Kb6 26. c3 a5 27. Rd7
Rxd7 28. Nxd7+ Kb7 29. g4 b4 30. gxh5 gxh5 31. c4 a4 32. bxa4 Ka6 33. f4 Ka5
34. f5 Nd8 35. Nxc5 Nc6 36. Kf4 f6 37. Nd7 Kxa4 38. Nxf6 Nd8 39. e5 Ka3 40. e6
Nb7 41. e7 Nd6 42. c5 1-0

[Event "Madrid Neoclassical op 2nd"]
[Site "Madrid"]
[Date "2016.06.04"]
[Round "6"]
[White "Perez Mitjans, Orelvis"]
[Black "Ponomariov, Ruslan"]
[Result "0-1"]
[WhiteElo "2462"]
[BlackElo "2706"]
[PlyCount "88"]
[EventDate "2016.06.04"]
[EventType "swiss (rapid)"]
[EventRounds "8"]
[EventCountry "ESP"]
[SourceTitle "CBM 172 Extra"]
[Source "ChessBase"]
[SourceDate "2016.06.21"]
[SourceVersion "1"]
[SourceVersionDate "2016.06.21"]
[SourceQuality "1"]

1. d4 Nf6 2. c4 e6 3. Nc3 Bb4 4. Qc2 d5 5. Nf3 dxc4 6. e4 b5 7. e5 Nd5 8. a4 c6
9. Be2 Bb7 10. O-O a6 11. Ne4 Nd7 12. Nfg5 h6 13. Nf3 Be7 14. b3 cxb3 15. Qxb3
b4 16. Nfd2 a5 17. Qg3 Kf8 18. Nb3 Ba6 19. Bxa6 Rxa6 20. Bd2 g6 21. f4 h5 22.
Kh1 Ra7 23. Rac1 Qb6 24. Ng5 Bxg5 25. Qxg5 h4 26. h3 Rh5 27. Qg4 Rc7 28. f5
exf5 29. Qe2 Kg7 30. e6 N7f6 31. exf7 Kxf7 32. Nc5 Re7 33. Qc4 Ne4 34. Nxe4
Rxe4 35. Be1 Rh8 36. Bf2 Re6 37. Qb3 Qa6 38. Rfe1 Rxe1+ 39. Rxe1 Re8 40. Rxe8
Kxe8 41. Bxh4 Qe2 42. Kh2 f4 43. Qb1 Kf7 44. Qb3 f3 0-1

[Event "Madrid Neoclassical op 2nd"]
[Site "Madrid"]
[Date "2016.06.04"]
[Round "7"]
[White "Ponomariov, Ruslan"]
[Black "Santos Ruiz, Miguel"]
[Result "1/2-1/2"]
[WhiteElo "2706"]
[BlackElo "2410"]
[PlyCount "124"]
[EventDate "2016.06.04"]
[EventType "swiss (rapid)"]
[EventRounds "8"]
[EventCountry "ESP"]
[SourceTitle "CBM 172 Extra"]
[Source "ChessBase"]
[SourceDate "2016.06.21"]
[SourceVersion "1"]
[SourceVersionDate "2016.06.21"]
[SourceQuality "1"]

1. d4 d5 2. c4 c6 3. Nc3 Nf6 4. Nf3 a6 5. c5 Nbd7 6. Bf4 Nh5 7. Bd2 Nhf6 8. Qc2
Qc7 9. Bg5 b6 10. cxb6 Qxb6 11. Na4 Qc7 12. Rc1 Bb7 13. Bxf6 Nxf6 14. Nc5 e6
15. e3 Qa5+ 16. Qc3 Qxc3+ 17. Rxc3 Bxc5 18. Rxc5 a5 19. Bd3 Nd7 20. Rc3 Ke7 21.
Kd2 Rhc8 22. Rhc1 Kd6 23. e4 dxe4 24. Bxe4 f5 25. Bd3 c5 26. Bb5 cxd4 27. Nxd4
Rxc3 28. Rxc3 Nf6 29. f3 Bd5 30. b3 g6 31. Bd3 Kd7 32. Nb5 Rc8 33. Rxc8 Kxc8
34. Bc4 Kd7 35. Bxd5 Nxd5 36. Nc3 Nb6 37. f4 e5 38. fxe5 Ke6 39. Kd3 Kxe5 40.
a3 g5 41. Ne2 f4 42. Nd4 Kd5 43. h3 Nd7 44. Nf3 Nc5+ 45. Kc2 Ne4 46. Nd2 h5 47.
Nxe4 Kxe4 48. b4 axb4 49. axb4 g4 50. b5 f3 51. gxf3+ Kxf3 52. b6 g3 53. b7 g2
54. b8=Q g1=Q 55. Qf8+ Kg2 56. Qg7+ Kh2 57. Qe5+ Qg3 58. Qxh5 Qg2+ 59. Kd1 Qg1+
60. Ke2 Qg2+ 61. Ke3 Qxh3+ 62. Qxh3+ Kxh3 1/2-1/2

[Event "Madrid Neoclassical op 2nd"]
[Site "Madrid"]
[Date "2016.06.04"]
[Round "8"]
[White "Forcen Esteban, Daniel"]
[Black "Ponomariov, Ruslan"]
[Result "0-1"]
[WhiteElo "2565"]
[BlackElo "2706"]
[PlyCount "50"]
[EventDate "2016.06.04"]
[EventType "swiss (rapid)"]
[EventRounds "8"]
[EventCountry "ESP"]
[SourceTitle "CBM 172 Extra"]
[Source "ChessBase"]
[SourceDate "2016.06.21"]
[SourceVersion "1"]
[SourceVersionDate "2016.06.21"]
[SourceQuality "1"]

1. d4 Nf6 2. c4 g6 3. Nc3 d5 4. Nf3 Bg7 5. h4 c6 6. Bg5 O-O 7. Bxf6 Bxf6 8. h5
g5 9. e3 h6 10. Qb3 e6 11. O-O-O Nd7 12. e4 Bg7 13. cxd5 exd5 14. exd5 c5 15.
Qc2 a6 16. Kb1 b5 17. dxc5 Nxc5 18. Ne2 Na4 19. b3 Bg4 20. bxa4 bxa4 21. Nfd4
Rb8+ 22. Ka1 Bxe2 23. Bxe2 Qxd5 24. Qxa4 Rfd8 25. a3 Qe4 0-1

[Event "Eurasia Blitz Chess Cup"]
[Site "Almaty"]
[Date "2016.06.18"]
[Round "1"]
[White "Ponomariov, Ruslan"]
[Black "Mankeyev, Rauan"]
[Result "1-0"]
[WhiteElo "2706"]
[BlackElo "2303"]
[PlyCount "109"]
[EventDate "2016.06.18"]
[EventType "swiss (blitz)"]
[EventRounds "22"]
[EventCountry "KAZ"]
[SourceTitle "CBM 173 Extra"]
[Source "ChessBase"]
[SourceDate "2016.08.29"]
[SourceVersion "1"]
[SourceVersionDate "2016.08.29"]
[SourceQuality "1"]

1. e4 c5 2. Nf3 d6 3. d4 cxd4 4. Nxd4 Nf6 5. Nc3 g6 6. Be3 Bg7 7. f3 Nc6 8. Qd2
O-O 9. O-O-O d5 10. exd5 Nxd5 11. Nxc6 bxc6 12. Bd4 e5 13. Bc5 Be6 14. Ne4 Re8
15. h4 h6 16. g4 Qc7 17. g5 h5 18. Bc4 Red8 19. Qf2 a5 20. a4 Rab8 21. Rd2 Qb7
22. b3 Nf4 23. Bxe6 Nxe6 24. Rhd1 Rd5 25. Qe3 Nxc5 26. Nxc5 Qb6 27. Rxd5 cxd5
28. Rxd5 Rc8 29. b4 axb4 30. Qf2 b3 31. c3 Bf8 32. Ne4 b2+ 33. Kb1 Qb3 34. Rd2
Qxa4 35. Rxb2 Rd8 36. Nd2 Ba3 37. Qb6 Ra8 38. Rb3 Bc5 39. Qxc5 Qa1+ 40. Kc2
Ra2+ 41. Kd3 Qd1 42. Rb8+ Kh7 43. Qe3 Qc2+ 44. Kc4 Ra4+ 45. Rb4 Qa2+ 46. Kd3
Ra8 47. Ke2 Rd8 48. Re4 Qa6+ 49. c4 Qa2 50. Rxe5 Qb2 51. Rd5 Ra8 52. Rd7 Kg8
53. Qd4 Qc2 54. Rd8+ Rxd8 55. Qxd8+ 1-0

[Event "Eurasia Blitz Chess Cup"]
[Site "Almaty"]
[Date "2016.06.18"]
[Round "3"]
[White "Ehlvest, Jaan"]
[Black "Ponomariov, Ruslan"]
[Result "1/2-1/2"]
[WhiteElo "2524"]
[BlackElo "2706"]
[PlyCount "193"]
[EventDate "2016.06.18"]
[EventType "swiss (blitz)"]
[EventRounds "22"]
[EventCountry "KAZ"]
[SourceTitle "CBM 173 Extra"]
[Source "ChessBase"]
[SourceDate "2016.08.29"]
[SourceVersion "1"]
[SourceVersionDate "2016.08.29"]
[SourceQuality "1"]

1. Nf3 Nf6 2. g3 b5 3. Bg2 Bb7 4. O-O c5 5. b3 g6 6. c4 bxc4 7. bxc4 Bg7 8. Bb2
O-O 9. d3 d6 10. Nc3 Nbd7 11. Rb1 Bc6 12. Qd2 Rb8 13. Ba1 e6 14. Nb5 Bxb5 15.
cxb5 Nb6 16. Qc2 Nfd7 17. Bxg7 Kxg7 18. Nd2 d5 19. a4 Qe7 20. e4 Nf6 21. Rfe1
Rfd8 22. Nb3 Rbc8 23. Na5 Qc7 24. Nc6 Re8 25. Qxc5 Nxa4 26. Qb4 Nb6 27. Ra1 Ra8
28. Rec1 Qb7 29. Ra6 Nbd7 30. Rca1 Nb8 31. Nxb8 Raxb8 32. R1a5 Rec8 33. Qb2 Rc5
34. exd5 Rxb5 35. Rxb5 Qxb5 36. Qxb5 Rxb5 37. dxe6 Rb1+ 38. Bf1 Rb7 39. exf7
Kxf7 40. h3 Rd7 41. Be2 h5 42. f4 Nd5 43. Kf2 Nb4 44. Ra3 Nc2 45. Ra4 Nd4 46.
Bd1 Kf6 47. g4 hxg4 48. Bxg4 Rd6 49. Rxa7 Nb3 50. Ke3 Rb6 51. Bf3 Re6+ 52. Kf2
Nc5 53. Ra3 Rb6 54. Ke3 Rb1 55. Rc3 Ne6 56. Rc6 Ke7 57. Bg4 Ng7 58. Rxg6 Kf7
59. Ra6 Re1+ 60. Kd4 Rf1 61. Ke4 Re1+ 62. Kf3 Rf1+ 63. Kg3 Re1 64. Kh4 Re3 65.
d4 Rd3 66. Rd6 Ke7 67. Rd7+ Kf6 68. Rd6+ Ke7 69. Rd5 Kf6 70. Rd7 Rd2 71. d5 Ne8
72. Kg3 Rd3+ 73. Kf2 Ng7 74. Ke2 Ra3 75. Rb7 Ne8 76. Kd2 Nd6 77. Rb6 Ke7 78.
Ke2 Rc3 79. Kf2 Rc5 80. Be6 Rc3 81. Kg2 Ne4 82. Rb7+ Kf6 83. Rf7+ Kg6 84. Rf8
Kg7 85. Rc8 Rg3+ 86. Kh2 Rf3 87. f5 Kf6 88. Rd8 Ke5 89. Ra8 Rf2+ 90. Kg1 Rd2
91. h4 Kf4 92. Ra3 Rd1+ 93. Kg2 Rd2+ 94. Kf1 Rh2 95. Ke1 Rxh4 96. Ra4 Ke5 97.
Ra8 1/2-1/2

[Event "Eurasia Blitz Chess Cup"]
[Site "Almaty"]
[Date "2016.06.18"]
[Round "7"]
[White "Ponomariov, Ruslan"]
[Black "Ismagambetov, Anuar"]
[Result "1-0"]
[WhiteElo "2706"]
[BlackElo "2542"]
[PlyCount "123"]
[EventDate "2016.06.18"]
[EventType "swiss (blitz)"]
[EventRounds "22"]
[EventCountry "KAZ"]
[SourceTitle "CBM 173 Extra"]
[Source "ChessBase"]
[SourceDate "2016.08.29"]
[SourceVersion "1"]
[SourceVersionDate "2016.08.29"]
[SourceQuality "1"]

1. e4 e5 2. Nf3 Nc6 3. Bc4 Bc5 4. d3 Nf6 5. a4 O-O 6. c3 d5 7. exd5 Nxd5 8. a5
a6 9. O-O Bg4 10. Nbd2 Nf6 11. Re1 Bd6 12. Qb3 Rb8 13. Ng5 Bh5 14. Nf1 h6 15.
Ne4 Bg6 16. Nfg3 Kh8 17. Qa4 Nd7 18. b4 f5 19. Nxd6 cxd6 20. f4 Qc7 21. Qb3
Rbe8 22. Bd2 Nf6 23. Be6 Nh7 24. h3 Qe7 25. Bd5 Nf6 26. Bf3 Qd7 27. b5 axb5 28.
Qxb5 e4 29. dxe4 fxe4 30. Bd1 d5 31. a6 bxa6 32. Rxa6 Ne5 33. Qxd7 Nexd7 34.
Be3 Rc8 35. Bd4 Nc5 36. Ra5 Nd3 37. Rf1 Rfd8 38. f5 Bf7 39. Be2 Nb2 40. Rb1 Nc4
41. Ra7 Kg8 42. Rbb7 Nd6 43. Rb6 Rb8 44. Raa6 Rxb6 45. Rxb6 Kf8 46. Kf2 Ke7 47.
Ke3 Rc8 48. Ra6 h5 49. Kf4 h4 50. Nf1 Nd7 51. Ne3 g6 52. fxg6 Be6 53. Kg5 Rg8
54. Bh5 Nf7+ 55. Kxh4 Nd6 56. g4 Nb5 57. Nf5+ Bxf5 58. gxf5 Nxd4 59. cxd4 Rh8
60. Kg5 e3 61. Re6+ Kf8 62. Rxe3 1-0

[Event "Eurasia Blitz Chess Cup"]
[Site "Almaty"]
[Date "2016.06.18"]
[Round "8"]
[White "Ismagambetov, Anuar"]
[Black "Ponomariov, Ruslan"]
[Result "0-1"]
[WhiteElo "2542"]
[BlackElo "2706"]
[PlyCount "68"]
[EventDate "2016.06.18"]
[EventType "swiss (blitz)"]
[EventRounds "22"]
[EventCountry "KAZ"]
[SourceTitle "CBM 173 Extra"]
[Source "ChessBase"]
[SourceDate "2016.08.29"]
[SourceVersion "1"]
[SourceVersionDate "2016.08.29"]
[SourceQuality "1"]

1. e4 e5 2. Nf3 Nc6 3. Bb5 g6 4. c3 a6 5. Ba4 d6 6. d4 Bd7 7. O-O Bg7 8. d5
Nce7 9. c4 h6 10. Nc3 f5 11. Ne1 Nf6 12. f3 O-O 13. Nd3 Kh8 14. c5 g5 15. cxd6
cxd6 16. exf5 b5 17. Bb3 Nxf5 18. Nf2 Qb6 19. Kh1 a5 20. a3 a4 21. Ba2 b4 22.
axb4 Qxb4 23. Nce4 Nd4 24. Nxf6 Bxf6 25. Ne4 Be7 26. Rb1 Bf5 27. Bd2 Qb5 28.
Re1 Kh7 29. Bc3 Nb3 30. Bxb3 axb3 31. Qd2 g4 32. fxg4 Bxe4 33. Rbc1 Qxd5 34.
Qe2 Bd3 0-1

[Event "Eurasia Blitz Chess Cup"]
[Site "Almaty"]
[Date "2016.06.18"]
[Round "9"]
[White "Ponomariov, Ruslan"]
[Black "Megaranto, Susanto"]
[Result "1-0"]
[WhiteElo "2706"]
[BlackElo "2535"]
[PlyCount "65"]
[EventDate "2016.06.18"]
[EventType "swiss (blitz)"]
[EventRounds "22"]
[EventCountry "KAZ"]
[SourceTitle "CBM 173 Extra"]
[Source "ChessBase"]
[SourceDate "2016.08.29"]
[SourceVersion "1"]
[SourceVersionDate "2016.08.29"]
[SourceQuality "1"]

1. e4 g6 2. d4 Bg7 3. Nc3 c6 4. Be3 d5 5. f3 Qb6 6. Qd2 Qxb2 7. Rb1 Qa3 8. Bd3
dxe4 9. fxe4 Nf6 10. Nf3 O-O 11. O-O Qa5 12. Kh1 Qc7 13. Bh6 Bg4 14. e5 Nd5 15.
Ne4 Nd7 16. c4 N5b6 17. Bxg7 Kxg7 18. Nh4 Rad8 19. Qg5 Be6 20. Qxe7 Rde8 21.
Qg5 Kh8 22. Nd6 Nc8 23. Nxe8 Rxe8 24. Qh6 Nf8 25. Nf3 Ne7 26. Ng5 Ng8 27. Qh4
Kg7 28. Rf3 h6 29. Nxe6+ Nxe6 30. Rbf1 Ng5 31. R3f2 c5 32. Qf4 Re7 33. d5 1-0

[Event "Eurasia Blitz Chess Cup"]
[Site "Almaty"]
[Date "2016.06.18"]
[Round "10"]
[White "Megaranto, Susanto"]
[Black "Ponomariov, Ruslan"]
[Result "1/2-1/2"]
[WhiteElo "2535"]
[BlackElo "2706"]
[PlyCount "49"]
[EventDate "2016.06.18"]
[EventType "swiss (blitz)"]
[EventRounds "22"]
[EventCountry "KAZ"]
[SourceTitle "CBM 173 Extra"]
[Source "ChessBase"]
[SourceDate "2016.08.29"]
[SourceVersion "1"]
[SourceVersionDate "2016.08.29"]
[SourceQuality "1"]

1. d4 Nf6 2. Nf3 e6 3. Bg5 c5 4. e3 h6 5. Bh4 d5 6. c3 Be7 7. Nbd2 O-O 8. Bd3
b6 9. a4 Ba6 10. Bxa6 Nxa6 11. O-O Nb8 12. a5 Nc6 13. axb6 axb6 14. Qb3 Qc7 15.
Bg3 Qb7 16. Ne5 Nxe5 17. Bxe5 Qc6 18. Bxf6 Bxf6 19. Rfc1 b5 20. dxc5 Qxc5 21.
Nf3 Qc4 22. Nd2 Qc5 23. Nf3 Qc4 24. Nd2 Qc5 25. Nf3 1/2-1/2

[Event "Eurasia Blitz Chess Cup"]
[Site "Almaty"]
[Date "2016.06.18"]
[Round "11"]
[White "Nepomniachtchi, Ian"]
[Black "Ponomariov, Ruslan"]
[Result "1/2-1/2"]
[WhiteElo "2719"]
[BlackElo "2706"]
[PlyCount "148"]
[EventDate "2016.06.18"]
[EventType "swiss (blitz)"]
[EventRounds "22"]
[EventCountry "KAZ"]
[SourceTitle "CBM 173 Extra"]
[Source "ChessBase"]
[SourceDate "2016.08.29"]
[SourceVersion "1"]
[SourceVersionDate "2016.08.29"]
[SourceQuality "1"]

1. e4 e5 2. Nf3 Nc6 3. Bb5 g6 4. O-O Bg7 5. c3 a6 6. Ba4 d6 7. d4 Bd7 8. d5
Nce7 9. c4 h6 10. Nc3 f5 11. Re1 Nf6 12. exf5 gxf5 13. Nh4 O-O 14. Bc2 b5 15.
b3 e4 16. Rb1 Qe8 17. Ne2 Qh5 18. g3 bxc4 19. bxc4 Rab8 20. Rxb8 Rxb8 21. Nf4
Qxd1 22. Rxd1 Ng4 23. c5 dxc5 24. d6 cxd6 25. Rxd6 Bb5 26. Kg2 Be5 27. Rd1 Kf7
28. f3 exf3+ 29. Nxf3 Bc6 30. Bb3+ Kg7 31. h3 Nf6 32. Ne6+ Kh7 33. Nxc5 a5 34.
Nd3 Ng6 35. Re1 Bc3 36. Re6 Rc8 37. Nf4 Nxf4+ 38. Bxf4 a4 39. Re7+ Kh8 40. Be6
Re8 41. Rxe8+ Nxe8 42. Bxf5 Bd5 43. a3 Bb2 44. Bd7 Nf6 45. Bxa4 Kg7 46. Bd6 Ne4
47. Bb4 Nc3 48. Bc2 Nb5 49. Bd1 Nxa3 50. Kh2 Nc4 51. Bc5 Ne5 52. Nh4 Be4 53.
Be3 Nc4 54. Bf4 Bf6 55. Nf3 Nb2 56. Be2 Bd3 57. Bxd3 Nxd3 58. Be3 h5 59. Kg2
Kg6 60. Nd2 Kf5 61. Nc4 Ne5 62. Nd6+ Ke6 63. Ne4 Be7 64. Nf2 Kf5 65. Bd4 Nf7
66. Bb2 Bd6 67. Kf3 Ng5+ 68. Kg2 Ne4 69. g4+ hxg4 70. hxg4+ Kf4 71. Bc1+ Ke5
72. Nxe4 Kxe4 73. Kh3 Ke5 74. Bg5 Ke6 1/2-1/2

[Event "Eurasia Blitz Chess Cup"]
[Site "Almaty"]
[Date "2016.06.18"]
[Round "12"]
[White "Ponomariov, Ruslan"]
[Black "Nepomniachtchi, Ian"]
[Result "1-0"]
[WhiteElo "2706"]
[BlackElo "2719"]
[PlyCount "117"]
[EventDate "2016.06.18"]
[EventType "swiss (blitz)"]
[EventRounds "22"]
[EventCountry "KAZ"]
[SourceTitle "CBM 173 Extra"]
[Source "ChessBase"]
[SourceDate "2016.08.29"]
[SourceVersion "1"]
[SourceVersionDate "2016.08.29"]
[SourceQuality "1"]

1. e4 c5 2. Nf3 d6 3. d4 cxd4 4. Nxd4 Nf6 5. Nc3 a6 6. Be3 e5 7. Nb3 Be7 8. f3
Be6 9. Qd2 Nbd7 10. g4 b5 11. O-O-O Nb6 12. g5 Nh5 13. Na5 Qc7 14. Kb1 O-O 15.
Rg1 b4 16. Nd5 Nxd5 17. exd5 Qxa5 18. dxe6 fxe6 19. Bh3 Nf4 20. Bxf4 Rxf4 21.
Bxe6+ Kh8 22. Qe2 Raf8 23. Bd5 g6 24. Qe1 Qc5 25. Be4 a5 26. h4 Kg7 27. Rd5 Qb6
28. Rh1 a4 29. h5 Bxg5 30. hxg6 h6 31. Qd1 R4f6 32. Qd3 Be3 33. Rb5 Qa7 34.
Rb7+ Qxb7 35. Bxb7 Bc5 36. Be4 Re8 37. Qd2 Rf4 38. Qd5 Re7 39. Qa8 a3 40. Qd8
Ra7 41. Bd5 Rf8 42. Qh4 Rh8 43. Bf7 axb2 44. f4 e4 45. f5 Bd4 46. Qxe4 Bf6 47.
Qd5 h5 48. Qxd6 h4 49. Qc5 Re7 50. Be6 Rd8 51. Qxb4 Rc7 52. a4 Ra7 53. c3 Rda8
54. Bb3 Rc8 55. Rh3 Re7 56. Kxb2 Re2+ 57. Bc2 Ree8 58. Rxh4 Rb8 59. Rh7+ 1-0

[Event "Eurasia Blitz Chess Cup"]
[Site "Almaty"]
[Date "2016.06.18"]
[Round "13"]
[White "Ponomariov, Ruslan"]
[Black "Amonatov, Farrukh"]
[Result "1/2-1/2"]
[WhiteElo "2706"]
[BlackElo "2614"]
[PlyCount "83"]
[EventDate "2016.06.18"]
[EventType "swiss (blitz)"]
[EventRounds "22"]
[EventCountry "KAZ"]
[SourceTitle "CBM 173 Extra"]
[Source "ChessBase"]
[SourceDate "2016.08.29"]
[SourceVersion "1"]
[SourceVersionDate "2016.08.29"]
[SourceQuality "1"]

1. e4 c5 2. Nf3 d6 3. d4 cxd4 4. Nxd4 Nf6 5. Nc3 a6 6. Be3 e5 7. Nb3 Be7 8. f3
Be6 9. Qd2 O-O 10. O-O-O Nbd7 11. g4 b5 12. g5 Nh5 13. Kb1 Rc8 14. Rg1 Nb6 15.
Na5 g6 16. a3 Qc7 17. Nd5 Nxd5 18. exd5 Bd7 19. Bd3 Ng7 20. Be4 Bd8 21. Nc6 Qb7
22. Qb4 Qc7 23. h4 Nf5 24. Bf2 Ne7 25. Nxd8 Rfxd8 26. h5 Bf5 27. Qd2 a5 28.
hxg6 fxg6 29. Rh1 Rf8 30. Be3 Qb7 31. Qxa5 Rc4 32. Rh4 Bxe4 33. Rxe4 Rxf3 34.
Rxc4 bxc4 35. Qd8+ Kf7 36. Rh1 Kg7 37. Qxd6 Rxe3 38. Qf6+ Kg8 39. Qe6+ Kg7 40.
Qf6+ Kg8 41. Qe6+ Kg7 42. Qf6+ 1/2-1/2